[Event "Faxe EMT 2001"]
[Site "Faxe"]
[Date "2001.03.21"]
[Round "1"]
[White "Hansen, Mogens Egon"]
[Black "Eckert, Svend"]
[Result "0-1"]
[WhiteElo "1363"]
[BlackElo "1642"]
[PlyCount "58"]
[EventDate "2001.??.??"]

1. c4 Nf6 2. Nf3 d6 3. Nc3 Bf5 4. d3 h6 5. h3 e5 6. e4 Bh7 7. Be2 Be7 8. Be3 c6
9. Qc2 Nbd7 10. Qb3 Qc7 11. Nd2 O-O 12. O-O b6 13. a4 Rad8 14. Qd1 Nc5 15. b4
Ne6 16. b5 d5 17. exd5 cxd5 18. Nxd5 Nxd5 19. cxd5 Rxd5 20. Qb3 Rfd8 21. Ne4
Nd4 22. Bxd4 Rxd4 23. Rac1 Qd7 24. Rc4 Bf5 25. Rxd4 Qxd4 26. Rd1 Bh4 27. g3 Be7
28. Kg2 Rc8 29. Rd2 Bxe4+ 0-1

[Event "Faxe EMT 2001"]
[Site "Faxe"]
[Date "2001.03.21"]
[Round "1"]
[White "Jensen, Herman"]
[Black "Rasmussen, Arne"]
[Result "1-0"]
[WhiteElo "1590"]
[BlackElo "1243"]
[PlyCount "79"]
[EventDate "2001.??.??"]

1. e4 e5 2. Bc4 Nc6 3. a3 Nf6 4. Nc3 Bc5 5. Nf3 O-O 6. O-O a6 7. d3 h6 8. h3 d6
9. Ne2 Be6 10. Bxe6 fxe6 11. c3 d5 12. Qc2 Ba7 13. b4 Qe8 14. Ng3 b5 15. Bb2
Bb6 16. c4 Bd4 17. Bxd4 Nxd4 18. Nxd4 exd4 19. cxd5 Qd7 20. dxe6 Qxe6 21. Rac1
Rac8 22. Qc6 Qb3 23. Nf5 Rfe8 24. Qxa6 Qxd3 25. Ne7+ Rxe7 26. Qxc8+ Re8 27.
Qxc7 Rxe4 28. Rfd1 Qxa3 29. Qd8+ Kh7 30. f3 Rf4 31. Qd6 Rf5 32. Qxd4 Rd5 33.
Qf4 Rxd1+ 34. Rxd1 Qb2 35. Rc1 Qe2 36. Qf5+ Kh8 37. Rc8+ Ng8 38. Qf7 Qe1+ 39.
Kh2 Qe5+ 40. f4 1-0

[Event "Faxe EMT 2001"]
[Site "Faxe"]
[Date "2001.03.21"]
[Round "1"]
[White "Karstensen, Preben"]
[Black "Eriksen, Knud Ejler"]
[Result "1-0"]
[WhiteElo "1647"]
[BlackElo "1166"]
[PlyCount "91"]
[EventDate "2001.??.??"]

1. c4 Nf6 2. d4 e6 3. Nf3 d5 4. e3 Be7 5. Be2 c6 6. a3 O-O 7. O-O Nbd7 8. Nc3
a6 9. c5 Qc7 10. b4 e5 11. dxe5 Nxe5 12. Nxe5 Qxe5 13. Bb2 Qc7 14. Bf3 Bf5 15.
Ne2 Rfe8 16. Ng3 Bg6 17. Bd4 a5 18. Qd2 Bd8 19. Qb2 axb4 20. axb4 Qb8 21. Rxa8
Qxa8 22. Ra1 Qb8 23. b5 cxb5 24. Qxb5 Re6 25. Ne2 Bc7 26. g3 h6 27. Bxf6 Rxf6
28. Bxd5 b6 29. Ra8 Qxa8 30. Bxa8 Rf5 31. Qe8+ Kh7 32. Be4 Re5 33. Bxg6+ fxg6
34. Qf7 Rxc5 35. Nf4 Rc1+ 36. Kg2 Bxf4 37. exf4 b5 38. f5 Rc6 39. fxg6+ Rxg6
40. Qb3 Rb6 41. h4 Kg6 42. g4 b4 43. h5+ Kf6 44. Kf3 g6 45. hxg6 Kxg6 46. Qg8+
1-0

[Event "Faxe EMT 2001"]
[Site "Faxe"]
[Date "2001.03.21"]
[Round "1"]
[White "Liebermann, Alexander"]
[Black "Bigum, Vagn"]
[Result "1-0"]
[WhiteElo "1951"]
[BlackElo "1000"]
[PlyCount "73"]
[EventDate "2001.??.??"]

1. e4 e5 2. Nf3 f5 3. d3 d5 4. exf5 Bb4+ 5. c3 Bd6 6. g4 Nf6 7. Bg5 Nc6 8. Qb3
Be7 9. Bxf6 Bxf6 10. Bg2 g6 11. fxg6 Bxg4 12. Qxb7 Bd7 13. Qb3 Be6 14. Qa4 Qd7
15. gxh7 Rxh7 16. Nbd2 Rg7 17. Bf1 Rg4 18. Qc2 Bf5 19. O-O-O O-O-O 20. h4 e4
21. Ne1 Rxh4 22. Rg1 Qh7 23. Qa4 Qd7 24. Ng2 Rh2 25. Ne3 Be6 26. dxe4 d4 27.
Bb5 dxe3 28. Bxc6 exd2+ 29. Kb1 Qd3+ 30. Ka1 Bxc3 31. Rg3 Bxb2+ 32. Kxb2 Qd4+
33. Qxd4 Rxd4 34. f4 Re2 35. Rgg1 Re3 36. f5 Rb4+ 37. Ka1 1-0

[Event "Faxe EMT 2001"]
[Site "Faxe"]
[Date "2001.03.21"]
[Round "1"]
[White "Jensen, Leif"]
[Black "Manly, Arne"]
[Result "1-0"]
[WhiteElo "2052"]
[BlackElo "1466"]
[PlyCount "55"]
[EventDate "2001.??.??"]

1. e4 c5 2. g3 Nc6 3. Bg2 d6 4. c3 e6 5. f4 Nf6 6. d3 Be7 7. Nf3 Qc7 8. Be3 Ng4
9. Bg1 f5 10. h3 fxe4 11. hxg4 exf3 12. Bxf3 Bd7 13. Nd2 d5 14. Nb3 Na5 15.
Nxa5 Qxa5 16. g5 O-O-O 17. d4 Kb8 18. dxc5 Bxc5 19. b4 Bxb4 20. cxb4 Qxb4+ 21.
Qd2 Qxd2+ 22. Kxd2 Rc8 23. Bd4 Ba4 24. Rac1 Rc4 25. Rxc4 dxc4 26. Kc3 Bd7 27.
Bxg7 Rc8 28. Rxh7 1-0

[Event "Faxe EMT 2001"]
[Site "Faxe"]
[Date "2001.03.21"]
[Round "1"]
[White "Hansen, Erik Friberg"]
[Black "Refsgaard, Kaj"]
[Result "0-1"]
[WhiteElo "1119"]
[BlackElo "1692"]
[PlyCount "110"]
[EventDate "2001.??.??"]

1. d4 Nf6 2. c4 g6 3. Nc3 Bg7 4. Nf3 d6 5. e4 O-O 6. Be2 Nbd7 7. O-O c5 8. d5
a6 9. a3 Rb8 10. Rb1 b5 11. cxb5 axb5 12. Bxb5 Nxe4 13. Nxe4 Rxb5 14. Qc2 Ne5
15. Nxe5 Bxe5 16. Ng3 Qb6 17. Kh1 Bxg3 18. fxg3 f6 19. Bh6 Rf7 20. Rf2 Qb7 21.
Rd1 Qd7 22. h3 Bb7 23. Qc4 Rb6 24. Kh2 Ba6 25. Qc3 Qb7 26. Rdd2 Qd7 27. Qc2 Bc8
28. Rde2 Qb7 29. Rd2 Bf5 30. Qc1 Rb3 31. Rf3 Rb5 32. Rdf2 Rb6 33. Qf1 Qc8 34.
Qe1 c4 35. Re2 Rb7 36. Qc1 Rc7 37. Rc3 Bd3 38. Rf2 Rc5 39. Rd2 e5 40. dxe6 Qxe6
41. a4 Rb7 42. Rd1 Kf7 43. Re1 Re5 44. Rxe5 Qxe5 45. Bf4 Qd5 46. Qa1 g5 47. Bd2
Re7 48. Qc1 Re2 49. Qg1 Rxd2 50. b3 Qe5 51. Rc1 Be4 52. Re1 cxb3 53. a5 Qd5 54.
Rxe4 Qxe4 55. a6 Ra2 0-1

[Event "Faxe EMT 2001"]
[Site "Faxe"]
[Date "2001.03.21"]
[Round "1"]
[White "Hansen, Knud"]
[Black "Andreasen, Per Anthoni"]
[Result "0-1"]
[WhiteElo "1763"]
[BlackElo "1538"]
[PlyCount "74"]
[EventDate "2001.??.??"]

1. e4 e6 2. d4 d5 3. e5 c5 4. c3 Nc6 5. Nf3 Qb6 6. Qd2 Nge7 7. Bd3 Bd7 8. Bc2
Rc8 9. O-O cxd4 10. cxd4 Nb4 11. Nc3 Nxc2 12. Qxc2 Nf5 13. Qd2 Bb4 14. a3 Be7
15. Re1 O-O 16. g4 Nh4 17. Re3 Nxf3+ 18. Rxf3 Rc4 19. Rd3 h6 20. Kg2 f6 21. f4
fxe5 22. fxe5 Bg5 23. Qd1 Bxc1 24. Rxc1 Qxb2+ 25. Rc2 Qxa3 26. Ra2 Qb4 27. Ne2
a6 28. h3 Ba4 29. Qa1 Bc2 30. Rb2 Qa4 31. Qxa4 Bxa4 32. Rxb7 Rc2 33. Re3 Bb5
34. Rxb5 axb5 35. Kg3 g5 36. Ng1 Rff2 37. Re1 Rfd2 0-1

[Event "Faxe EMT 2001"]
[Site "Faxe"]
[Date "2001.03.21"]
[Round "1"]
[White "Hansen, Egon"]
[Black "Jensen, Niels"]
[Result "0-1"]
[WhiteElo "1691"]
[BlackElo "1277"]
[PlyCount "54"]
[EventDate "2001.??.??"]

1. e4 e5 2. Nf3 Nc6 3. Bc4 Bc5 4. d3 h6 5. Nc3 Nf6 6. O-O d6 7. h3 a6 8. a3 O-O
9. Qe1 Nh5 10. Nd5 Ng3 11. Be3 Nxf1 12. Bxc5 dxc5 13. Qxf1 Be6 14. Rd1 Kh8 15.
g4 Rc8 16. Qg2 Nd4 17. Nxe5 Nxc2 18. Rd2 Nd4 19. f4 c6 20. Ne3 Qe8 21. f5 Bxc4
22. N5xc4 Qe7 23. Qg3 Rfd8 24. Ng2 Re8 25. e5 Qg5 26. h4 Qxd2 27. Nxd2 Ne2+ 0-1

[Event "Faxe EMT 2001"]
[Site "Faxe"]
[Date "2001.03.21"]
[Round "1"]
[White "Toftvang, Ove"]
[Black "Hansen, Ove Bonnelykke"]
[Result "0-1"]
[WhiteElo "1202"]
[BlackElo "1604"]
[PlyCount "48"]
[EventDate "2001.??.??"]

1. d4 d5 2. Nf3 Nf6 3. Nc3 e6 4. a3 Be7 5. e3 O-O 6. Be2 h6 7. O-O Nbd7 8. b4
c6 9. h3 Bd6 10. Qd3 e5 11. e4 dxe4 12. Nxe4 Nxe4 13. Qxe4 Nf6 14. Qd3 e4 15.
Qe3 exf3 16. Qxf3 Re8 17. Bd3 Nh7 18. Bd2 Qf6 19. Bxh7+ Kxh7 20. Qd3+ Kg8 21.
Be3 Bf5 22. Qd2 Qg6 23. Rac1 Bxh3 24. f4 Rxe3 0-1

[Event "Faxe EMT 2001"]
[Site "Faxe"]
[Date "2001.03.21"]
[Round "1"]
[White "Nielsen, Poul Erik2"]
[Black "Nielsen, Johannes"]
[Result "1-0"]
[WhiteElo "1399"]
[BlackElo "1300"]
[PlyCount "121"]
[EventDate "2001.??.??"]

1. Nf3 d6 2. d4 Nc6 3. c4 Bf5 4. Nc3 Nf6 5. a3 a6 6. b4 e5 7. d5 Ne7 8. h3 h6
9. e3 c6 10. dxc6 Nxc6 11. Qa4 Bd7 12. Qc2 Be7 13. Be2 O-O 14. O-O Qc8 15. Bd3
Rd8 16. Bb2 Be6 17. Qe2 Qc7 18. Rac1 Qb8 19. e4 Nd4 20. Nxd4 exd4 21. Nd5 Re8
22. Bxd4 Bxd5 23. cxd5 Bf8 24. Bxf6 gxf6 25. Qg4+ Bg7 26. Rc2 Qa7 27. Rfc1 Qd4
28. Qf3 Qe5 29. Rc7 b5 30. Qe3 f5 31. f4 Qb2 32. Qf3 fxe4 33. Bxe4 Qd4+ 34. Kh2
Qxe4 35. Qxe4 Rxe4 36. Rc8+ Rxc8 37. Rxc8+ Kh7 38. Kg3 Re3+ 39. Kg4 Rxa3 40.
Rd8 Ra4 41. Rxd6 Rxb4 42. Rxa6 Be5 43. g3 Rd4 44. Kf5 Bxf4 45. gxf4 Rxd5+ 46.
Ke4 Rh5 47. Ra3 Kg7 48. Rb3 Kf6 49. Rd3 Kg7 50. f5 Rh4+ 51. Ke5 Rh5 52. Rb3 Rh4
53. Rg3+ Kh7 54. Rb3 Rh5 55. Kf6 Rh4 56. Kxf7 b4 57. Re3 h5 58. f6 Rf4 59. Ke7
Rc4 60. f7 Rc7+ 61. Kf6 1-0

[Event "Faxe EMT 2001"]
[Site "Faxe"]
[Date "2001.03.21"]
[Round "1"]
[White "Wehlast, Svend Erik"]
[Black "Lund, Gunnar"]
[Result "1-0"]
[WhiteElo "1323"]
[BlackElo "1300"]
[PlyCount "77"]
[EventDate "2001.??.??"]

1. d4 d5 2. Nf3 Nc6 3. h3 h6 4. Bf4 Bf5 5. a3 e6 6. e3 Bd6 7. Be5 Nxe5 8. dxe5
Bc5 9. Nd4 Bh7 10. Bb5+ c6 11. Nxc6 bxc6 12. Bxc6+ Kf8 13. Bxa8 Qxa8 14. b4 Bb6
15. O-O Qc8 16. Ra2 Ne7 17. Qd2 Qc4 18. c3 Nc6 19. f4 Be4 20. Re1 Ne7 21. Rb2
Nf5 22. a4 Nh4 23. Na3 Qc8 24. Re2 Qd7 25. a5 Bd8 26. c4 Qa4 27. Nb5 a6 28. Nc3
Qc6 29. Nxe4 Ke7 30. Nd6 Bc7 31. b5 Qa8 32. c5 Rb8 33. b6 Bxd6 34. cxd6+ Kd7
35. Qb4 Qb7 36. Rec2 Rc8 37. Qa4+ Kd8 38. Rc7 Rxc7 39. bxc7+ 1-0

[Event "Faxe EMT 2001"]
[Site "Faxe"]
[Date "2001.03.28"]
[Round "2"]
[White "Eckert, Svend"]
[Black "Jensen, Herman"]
[Result "1-0"]
[WhiteElo "1642"]
[BlackElo "1590"]
[PlyCount "45"]
[EventDate "2001.??.??"]

1. e4 c5 2. f4 e6 3. Nf3 d5 4. exd5 exd5 5. Be2 Be7 6. O-O Nf6 7. Ne5 O-O 8. b3
Nbd7 9. Bb2 Qc7 10. Na3 a6 11. Bf3 b5 12. c4 bxc4 13. Naxc4 Rb8 14. Ne3 Bb7 15.
Rc1 Rfd8 16. Kh1 Rbc8 17. Bh5 Nxh5 18. Qxh5 g6 19. Qh3 f5 20. Nxg6 Bf6 21. Bxf6
Nxf6 22. Ne5 d4 23. Nxf5 1-0

[Event "Faxe EMT 2001"]
[Site "Faxe"]
[Date "2001.03.28"]
[Round "2"]
[White "Liebermann, Alexander"]
[Black "Karstensen, Preben"]
[Result "1-0"]
[WhiteElo "1951"]
[BlackElo "1647"]
[PlyCount "75"]
[EventDate "2001.??.??"]

1. e4 e5 2. Nf3 d6 3. Bc4 Be6 4. Qe2 Nc6 5. c3 Bg4 6. d3 h6 7. Be3 a6 8. a4 Nf6
9. h3 Bxf3 10. Qxf3 Ne7 11. d4 Ng6 12. g3 c6 13. Nd2 d5 14. Bd3 Bd6 15. O-O Qd7
16. Kg2 O-O 17. a5 exd4 18. cxd4 dxe4 19. Nxe4 Nxe4 20. Qxe4 f5 21. Bc4+ Kh8
22. Qd3 Rae8 23. Bd2 Ne7 24. Bb3 f4 25. Bc2 f3+ 26. Kh2 Qf5 27. Qc3 Qh5 28.
Rae1 Nd5 29. Qd3 Nf6 30. Rxe8 Rxe8 31. Rh1 Nd5 32. Re1 Nf6 33. Rxe8+ Qxe8 34.
Qxf3 Qg8 35. Qf5 Nd5 36. Qg6 Be7 37. Bxh6 Bf6 38. Be3 1-0

[Event "Faxe EMT 2001"]
[Site "Faxe"]
[Date "2001.03.28"]
[Round "2"]
[White "Refsgaard, Kaj"]
[Black "Jensen, Leif"]
[Result "0-1"]
[WhiteElo "1692"]
[BlackElo "2052"]
[PlyCount "72"]
[EventDate "2001.??.??"]

1. d4 d5 2. c4 c6 3. Nc3 Nf6 4. e3 e6 5. Qc2 Bd6 6. Nf3 O-O 7. cxd5 exd5 8. Bd3
Re8 9. O-O Bg4 10. Be2 Nbd7 11. Nh4 Bxe2 12. Nxe2 Ne4 13. Nf5 Ndf6 14. Nxd6
Qxd6 15. f3 Ng5 16. e4 Ngxe4 17. fxe4 Nxe4 18. Bf4 Qg6 19. Qd3 Re7 20. Ng3 Rae8
21. Bd2 Re6 22. Rae1 Qg4 23. Rf4 Qg6 24. Nxe4 Rxe4 25. Rfxe4 dxe4 26. Qe3 Qe6
27. a3 a6 28. Qf4 f5 29. Re3 h6 30. Rg3 Kf7 31. Bc3 g5 32. Qe5 Qxe5 33. dxe5 f4
34. Rg4 Kg6 35. h4 Kf5 36. hxg5 hxg5 0-1

[Event "Faxe EMT 2001"]
[Site "Faxe"]
[Date "2001.03.28"]
[Round "2"]
[White "Andreasen, Per Anthoni"]
[Black "Wehlast, Svend Erik"]
[Result "1/2-1/2"]
[WhiteElo "1538"]
[BlackElo "1323"]
[PlyCount "83"]
[EventDate "2001.??.??"]

1. f4 f5 2. Nf3 d5 3. b3 Nf6 4. Bb2 e6 5. e3 Be7 6. Be2 O-O 7. O-O a6 8. c4 c6
9. Nc3 b5 10. cxd5 cxd5 11. Rc1 Bb7 12. Nd4 Qd7 13. Bf3 Nc6 14. Nxc6 Bxc6 15.
Ne2 Rac8 16. Nd4 Bb7 17. d3 b4 18. Rf2 Rxc1 19. Qxc1 Rc8 20. Rc2 Rxc2 21. Qxc2
h6 22. h3 a5 23. Ne2 Ne8 24. Ng3 g6 25. Be5 Bf6 26. Bxf6 Nxf6 27. Qc5 Qc8 28.
Qxa5 d4 29. Bxb7 Qxb7 30. Qd8+ Kf7 31. Qxd4 Qd5 32. Qc4 Qd6 33. Kf2 Nd5 34. Ne2
Qb6 35. d4 Qa5 36. Qc2 h5 37. g3 Qa8 38. h4 Nc3 39. Nxc3 bxc3 40. Qxc3 Qxa2+
41. Kf3 Qa8+ 42. Kf2 1/2-1/2

[Event "Faxe EMT 2001"]
[Site "Faxe"]
[Date "2001.03.28"]
[Round "2"]
[White "Hansen, Ove Bonnelykke"]
[Black "Jensen, Niels"]
[Result "1-0"]
[WhiteElo "1604"]
[BlackElo "1277"]
[PlyCount "121"]
[EventDate "2001.??.??"]

1. d4 d5 2. Nf3 Nf6 3. e3 Bf5 4. Be2 h6 5. O-O e6 6. c4 Nc6 7. Nc3 Nb4 8. Ne1
Ne4 9. Nxe4 dxe4 10. a3 Nc6 11. b4 a6 12. Bb2 Bd6 13. f3 O-O 14. fxe4 Bxe4 15.
Nf3 Rb8 16. Qe1 Bxf3 17. Bxf3 Qg5 18. Rd1 Rfe8 19. Qf2 e5 20. c5 Bf8 21. Bd5
Re7 22. Bxf7+ Kh8 23. Bc4 exd4 24. exd4 Qe3 25. Qxe3 Rxe3 26. Rf7 Rc8 27. Rdf1
Be7 28. Kf2 Bg5 29. Kg1 Bf6 30. Rd7 Re4 31. Bd5 Re7 32. Rxe7 Bxe7 33. Be6 Rf8
34. d5 Nd8 35. Rxf8+ Bxf8 36. Bf5 Kg8 37. Kf2 Kf7 38. Kf3 a5 39. Be5 axb4 40.
axb4 b6 41. Bxc7 Nb7 42. Bxb6 Kf6 43. Bc8 Nd6 44. Be6 Ne8 45. b5 Ke5 46. Bf7
Nf6 47. Bc7+ Kd4 48. c6 Nxd5 49. b6 Bc5 50. b7 Ba7 51. Bd6 Nb6 52. c7 Nd7 53.
c8=Q Ne5+ 54. Bxe5+ Kxe5 55. b8=Q+ Bxb8 56. Qxb8+ Kf6 57. Qe8 g5 58. Qe6+ Kg7
59. Bg6 g4+ 60. Kf4 g3 61. Qf7+ 1-0

[Event "Faxe EMT 2001"]
[Site "Faxe"]
[Date "2001.03.28"]
[Round "2"]
[White "Hansen, Mogens Egon"]
[Black "Nielsen, Poul Erik2"]
[Result "0-1"]
[WhiteElo "1363"]
[BlackElo "1399"]
[PlyCount "118"]
[EventDate "2001.??.??"]

1. c4 c5 2. Nc3 Nc6 3. Nf3 Nf6 4. d4 cxd4 5. Nxd4 a6 6. a3 d6 7. g3 e5 8. Nxc6
bxc6 9. Bg2 Bd7 10. O-O Rc8 11. e4 Be6 12. Qd3 Be7 13. f3 O-O 14. Be3 Qc7 15.
Rfb1 Rfd8 16. b3 d5 17. exd5 cxd5 18. cxd5 Qxc3 19. Qxc3 Rxc3 20. dxe6 Rxe3 21.
exf7+ Kxf7 22. b4 Rdd3 23. a4 Rb3 24. b5 axb5 25. a5 Bc5 26. Rxb3 Rxb3+ 27. Kf1
Ra3 28. Rxa3 Bxa3 29. a6 Nd7 30. Ke1 Bc5 31. Bf1 b4 32. Kd1 Ke7 33. Kc2 Kd6 34.
Kb3 Kc6 35. Ka4 Kb6 36. Bd3 Nb8 37. Bxh7 Nxa6 38. f4 exf4 39. gxf4 Bd6 40. f5
Bxh2 41. Bg8 Bd6 42. Kb3 Kc5 43. Bf7 Nc7 44. Bc4 Kd4 45. Bg8 Ke5 46. Bh7 Nd5
47. Bg8 Ne7 48. Bh7 Nxf5 49. Kc4 g5 50. Bg8 g4 51. Kd3 g3 52. Ke2 Kf4 53. Kf1
Nd4 54. Kg2 b3 55. Bxb3 Nxb3 56. Kg1 Kg4 57. Kg2 Nd4 58. Kf1 Kh3 59. Kg1 g2 0-1

[Event "Faxe EMT 2001"]
[Site "Faxe"]
[Date "2001.03.28"]
[Round "2"]
[White "Eriksen, Knud Ejler"]
[Black "Rasmussen, Arne"]
[Result "1-0"]
[WhiteElo "1166"]
[BlackElo "1243"]
[PlyCount "61"]
[EventDate "2001.??.??"]

1. e4 e5 2. Nf3 Nc6 3. Bb5 a6 4. Ba4 Nf6 5. d3 Be7 6. O-O O-O 7. c3 d6 8. h3
Bd7 9. Be3 b5 10. Bb3 Na5 11. Bc2 c5 12. Nbd2 Re8 13. Re1 c4 14. d4 exd4 15.
Bxd4 Nc6 16. Be3 Ne5 17. Bd4 Nxf3+ 18. Nxf3 Bc6 19. a3 Qc7 20. b3 cxb3 21. Bxb3
Bxe4 22. Bxf7+ Kxf7 23. Ng5+ Kg8 24. Nxe4 Nxe4 25. Rxe4 Qd7 26. Qb3+ Kh8 27.
Qf7 Rg8 28. Rg4 h6 29. Bxg7+ Kh7 30. Bd4+ Rg7 31. Qxg7# 1-0

[Event "Faxe EMT 2001"]
[Site "Faxe"]
[Date "2001.03.28"]
[Round "2"]
[White "Manly, Arne"]
[Black "Bigum, Vagn"]
[Result "1/2-1/2"]
[WhiteElo "1466"]
[BlackElo "1000"]
[PlyCount "58"]
[EventDate "2001.??.??"]

1. d4 e5 2. dxe5 Nc6 3. Nf3 Qe7 4. Nc3 Nxe5 5. Nxe5 Qxe5 6. Nd5 c6 7. Nf4 Nf6
8. Nd3 Qc7 9. Bg5 Be7 10. e3 d5 11. Be2 Be6 12. c3 h6 13. Bh4 Bd6 14. Bxf6 gxf6
15. g3 O-O-O 16. Qa4 Qb6 17. O-O-O Rhg8 18. h3 c5 19. g4 Bd7 20. Qc2 a5 21. Nf4
Bxf4 22. exf4 d4 23. cxd4 Kb8 24. dxc5 Qb4 25. f5 Ba4 26. Rxd8+ Rxd8 27. Qc3
Qe4 28. Bf3 Qf4+ 29. Qe3 Qc4+ 1/2-1/2

[Event "Faxe EMT 2001"]
[Site "Faxe"]
[Date "2001.03.28"]
[Round "2"]
[White "Lund, Gunnar"]
[Black "Hansen, Erik Friberg"]
[Result "1-0"]
[WhiteElo "1300"]
[BlackElo "1119"]
[PlyCount "143"]
[EventDate "2001.??.??"]

1. d4 d5 2. Bf4 Nf6 3. Nc3 Bf5 4. Nb5 Na6 5. h3 c6 6. Na3 e6 7. e3 Nb8 8. Nb1
c5 9. Bxb8 Rxb8 10. c3 Qd7 11. Nf3 c4 12. Nh4 Bd6 13. Nxf5 exf5 14. Nd2 O-O 15.
a4 a5 16. b3 cxb3 17. Qxb3 Qe7 18. c4 dxc4 19. Bxc4 Bb4 20. O-O-O Qd6 21. Kb2
f4 22. Nf1 Ne4 23. Qc2 Nc3 24. Rd3 Nxa4+ 25. Qxa4 fxe3 26. Nxe3 Qf4 27. Rf1
Rbd8 28. Nd5 Qg5 29. Nxb4 axb4 30. g3 Qh5 31. g4 Qg5 32. Qxb4 Rfe8 33. Rd2 Qf6
34. Qc3 Rc8 35. d5 Qb6+ 36. Qb3 Qd6 37. Kb1 Ra8 38. Rb2 Qg6+ 39. Qc2 Qxc2+ 40.
Rxc2 Ra7 41. Rd1 Rea8 42. Ra2 Rxa2 43. Bxa2 Rd8 44. Rd4 Rd6 45. Rb4 Rd7 46. Rb5
Kf8 47. Rb6 Ke7 48. Kc2 f6 49. Kd3 g6 50. Kd4 g5 51. Re6+ Kf7 52. Bb1 Rd8 53.
Bf5 b5 54. Rb6 h6 55. Rxb5 Rd6 56. Rb7+ Kf8 57. Kc5 Ra6 58. f3 Ra5+ 59. Kc6
Ra6+ 60. Kc7 Ke7 61. Be6 Rxe6 62. dxe6 Kxe6 63. Rb6+ Ke5 64. Kd7 f5 65. Rb5+
Kf6 66. Rxf5+ Kg6 67. Ke6 Kh7 68. Kf7 h5 69. gxh5 Kh6 70. f4 gxf4 71. Rxf4 Kxh5
72. Kf6 1-0

[Event "Faxe EMT 2001"]
[Site "Faxe"]
[Date "2001.03.28"]
[Round "2"]
[White "Hansen, Egon"]
[Black "Hansen, Knud"]
[Result "1/2-1/2"]
[WhiteElo "1691"]
[BlackElo "1763"]
[PlyCount "82"]
[EventDate "2001.??.??"]

1. Nf3 g6 2. d4 Bg7 3. c4 Nf6 4. Nc3 d6 5. e4 O-O 6. Be3 a6 7. Bd3 c6 8. h3
Nbd7 9. O-O e6 10. Qd2 Kh8 11. Bg5 Qc7 12. Rac1 c5 13. Be3 Ne8 14. d5 e5 15.
Bh6 Ndf6 16. Nh2 Ng8 17. Bxg7+ Kxg7 18. g4 Qd8 19. f4 f6 20. Ne2 Bd7 21. Rf2
Qe7 22. Rcf1 Nc7 23. Qe3 Rae8 24. Qg3 b5 25. b3 a5 26. h4 a4 27. Nf3 Rf7 28.
Nd2 Ref8 29. f5 axb3 30. axb3 b4 31. Ra1 Ra8 32. Rff1 Rff8 33. Nf3 Rxa1 34.
Rxa1 Ra8 35. Rxa8 Nxa8 36. g5 Be8 37. h5 Kf8 38. hxg6 hxg6 39. gxf6 Qxf6 40.
Ng5 Ke7 41. Nh7 Qg7 1/2-1/2

[Event "Faxe EMT 2001"]
[Site "Faxe"]
[Date "2001.03.28"]
[Round "2"]
[White "Nielsen, Johannes"]
[Black "Toftvang, Ove"]
[Result "0-1"]
[WhiteElo "1300"]
[BlackElo "1202"]
[PlyCount "114"]
[EventDate "2001.??.??"]

1. e4 e5 2. Nf3 Nc6 3. Bc4 Be7 4. Nc3 Nf6 5. O-O d6 6. h3 a6 7. a3 O-O 8. Re1
b5 9. Bb3 Na5 10. Ba2 c6 11. b4 Nb7 12. d4 Nd7 13. dxe5 dxe5 14. Bb2 Kh8 15.
Qd3 Qc7 16. Qd2 Nd6 17. Rad1 f6 18. Qc1 Nb6 19. Nd2 f5 20. f3 Bg5 21. Re2 Bf4
22. Qa1 Qe7 23. Nf1 Ndc4 24. Bxc4 Nxc4 25. Bc1 Qg5 26. Bxf4 Qxf4 27. Qc1 Qh4
28. Rd3 f4 29. Qd1 Be6 30. Qe1 Qe7 31. Nd1 Rad8 32. Nf2 Rd7 33. Nd2 Nb2 34.
Rxd7 Qxd7 35. Qa1 Qd4 36. Kh2 Rd8 37. Nd1 Nxd1 38. Qxd4 Rxd4 39. Nb3 Bxb3 40.
cxb3 Ne3 41. Rf2 Rd1 42. g3 Nf1+ 43. Kg2 Nxg3 44. Rc2 Rd6 45. a4 Nh5 46. Rc5
Re6 47. axb5 axb5 48. Kh2 Nf6 49. Rc2 h5 50. Rg2 Kh7 51. Rg5 Kh6 52. Rg2 Rd6
53. Rc2 h4 54. Ra2 Rd3 55. Ra8 Rxf3 56. Rh8+ Kg5 57. Kg2 Rxb3 0-1

[Event "Faxe EMT 2001"]
[Site "Faxe"]
[Date "2001.04.04"]
[Round "3"]
[White "Eckert, Svend"]
[Black "Liebermann, Alexander"]
[Result "0-1"]
[WhiteElo "1642"]
[BlackElo "1951"]
[PlyCount "86"]
[EventDate "2001.??.??"]

1. c4 c5 2. Nf3 e6 3. e3 d5 4. d4 Nf6 5. Nc3 Nc6 6. Be2 a6 7. O-O Be7 8. a3 O-O
9. dxc5 Bxc5 10. b4 Be7 11. c5 b6 12. cxb6 Qxb6 13. Na4 Qa7 14. Bb2 Bd7 15. Rc1
h6 16. Nd4 Rfc8 17. Nc5 Bxc5 18. Rxc5 Ne4 19. Rc1 Qb7 20. Nxc6 Bxc6 21. Qd4 f6
22. f3 e5 23. Qd1 Nd6 24. Rc5 Qb6 25. Qb3 a5 26. Rfc1 Kh8 27. Kf2 Rab8 28. b5
Nc4 29. R1xc4 dxc4 30. Qxc4 Bd7 31. Rxc8+ Rxc8 32. Qb3 Bf5 33. a4 Bc2 34. Qa3
Qd8 35. Bc3 Bd1 36. Bxa5 Qxa5 37. Bxd1 Qd2+ 38. Be2 Rc2 39. Qf8+ Kh7 40. Kg3
Qxe2 41. Kg4 Qxg2+ 42. Kf5 Qxf3+ 43. Ke6 Qg4+ 0-1

[Event "Faxe EMT 2001"]
[Site "Faxe"]
[Date "2001.04.04"]
[Round "3"]
[White "Hansen, Ove Bonnelykke"]
[Black "Jensen, Leif"]
[Result "0-1"]
[WhiteElo "1604"]
[BlackElo "2052"]
[PlyCount "56"]
[EventDate "2001.??.??"]

1. d4 d5 2. Nf3 c6 3. g3 Bf5 4. Bg2 e6 5. O-O Nf6 6. Nbd2 Nbd7 7. h3 Bg6 8. c3
Bd6 9. Nb3 Qc7 10. Bg5 Ne4 11. Bh4 f6 12. Nfd2 Nxd2 13. Qxd2 Bf7 14. f4 h6 15.
g4 g5 16. Bg3 h5 17. e4 dxe4 18. Bxe4 hxg4 19. hxg4 O-O-O 20. Kg2 Rdg8 21. Rh1
Rxh1 22. Rxh1 gxf4 23. Bf2 f5 24. Bd3 fxg4 25. Rh7 Nf6 26. Rh6 f3+ 27. Kf1 Bf4
28. Qe1 Bxh6 0-1

[Event "Faxe EMT 2001"]
[Site "Faxe"]
[Date "2001.04.04"]
[Round "3"]
[White "Wehlast, Svend Erik"]
[Black "Nielsen, Poul Erik2"]
[Result "1-0"]
[WhiteElo "1323"]
[BlackElo "1399"]
[PlyCount "93"]
[EventDate "2001.??.??"]

1. e4 c5 2. c4 Nc6 3. Nc3 a6 4. Nf3 e6 5. Be2 Nf6 6. O-O Bd6 7. d3 Qc7 8. h3 b6
9. Ne1 Nd4 10. f4 e5 11. f5 Bb7 12. b3 O-O-O 13. a4 Be7 14. Ba3 Rdg8 15. Nd5
Nxd5 16. cxd5 Kb8 17. Rc1 Qd6 18. Nf3 Nxf3+ 19. Rxf3 Bg5 20. Rc2 Qh6 21. g4
Be3+ 22. Kh2 Bd4 23. Qf1 Qf6 24. Bc1 h6 25. Bd1 Qd6 26. Kg3 Bxd5 27. Rh2 Bb7
28. h4 f6 29. Qh1 g6 30. h5 gxf5 31. Rxf5 Qe6 32. Qf3 Rf8 33. Be3 d6 34. Rf2
Bxe3 35. Qxe3 Rf7 36. Kh3 Bc8 37. b4 Qe7 38. R5f3 Rg8 39. Rg3 Rg5 40. Kg2 Rfg7
41. bxc5 dxc5 42. Kh2 Qf7 43. Rfg2 Bxg4 44. Bxg4 Rxg4 45. Rxg4 Rxg4 46. Rxg4
Qxh5+ 47. Qh3 1-0

[Event "Faxe EMT 2001"]
[Site "Faxe"]
[Date "2001.04.04"]
[Round "3"]
[White "Jensen, Herman"]
[Black "Andreasen, Per Anthoni"]
[Result "1-0"]
[WhiteElo "1590"]
[BlackElo "1538"]
[PlyCount "47"]
[EventDate "2001.??.??"]

1. e4 e6 2. d4 d5 3. Nc3 Nf6 4. Bg5 Be7 5. e5 Nfd7 6. Bxe7 Qxe7 7. f4 c5 8. Nf3
O-O 9. Be2 Nc6 10. O-O cxd4 11. Nb5 d3 12. Bxd3 f5 13. exf6 Nxf6 14. c3 Ng4 15.
Qd2 Qc5+ 16. Kh1 Ne3 17. Qf2 Rxf4 18. Rae1 e5 19. Nc7 Rb8 20. Qxe3 Qxe3 21.
Rxe3 e4 22. Nxd5 exf3 23. Nxf4 fxg2+ 24. Kxg2 1-0

[Event "Faxe EMT 2001"]
[Site "Faxe"]
[Date "2001.04.04"]
[Round "3"]
[White "Refsgaard, Kaj"]
[Black "Karstensen, Preben"]
[Result "1/2-1/2"]
[WhiteElo "1692"]
[BlackElo "1647"]
[PlyCount "85"]
[EventDate "2001.??.??"]

1. d4 d5 2. c4 c6 3. Nf3 Nf6 4. e3 Bg4 5. Nc3 e6 6. cxd5 exd5 7. Be2 Be7 8. O-O
O-O 9. Qd3 Qb6 10. Qc2 Nbd7 11. Bd2 Qd8 12. Rac1 Nb6 13. b3 Rc8 14. Qd3 Qd6 15.
Ne1 Bxe2 16. Nxe2 Ne4 17. Ba5 Rce8 18. Bxb6 axb6 19. Ng3 f5 20. Nf3 Qd8 21. Ne5
Nxg3 22. hxg3 Bd6 23. f4 Rf6 24. Kf2 g6 25. Rh1 Re7 26. Rh4 Rg7 27. Re1 Re6 28.
g4 fxg4 29. Rxg4 Bxe5 30. dxe5 Qf8 31. Rf1 Rxe5 32. Kg1 Re4 33. Rg3 b5 34. Qc3
Qe7 35. Rff3 Qd6 36. Qd2 Qe7 37. Qb2 Qc5 38. f5 d4 39. Qb1 gxf5 40. Rxg7+ Kxg7
41. Rg3+ Rg4 42. Rxg4+ fxg4 43. Qe4 1/2-1/2